Auditing : (Record no. 93235)

MARC details
000 -LEADER
fixed length control field 00700nam a22002297a 4500
005 - DATE AND TIME OF LATEST TRANSACTION
control field 20221216112948.0
010 ## - LCCN (DPL NO)
LC control number 1516EN07 ENG-112779 ENG-135887
020 ## - INTERNATIONAL STANDARD BOOK NUMBER
Terms of availability 495.00
International Standard Book Number 9788120350984
035 ## - SYSTEM CONTROL NUMBER
System control number EN-96311 EN-119420
037 ## - SOURCE OF ACQUISITION
Source of stock number/acquisition DBAD/PUB
037 ## - SOURCE OF ACQUISITION
Source of stock number/acquisition UBH/Ven
082 ## - DEWEY DECIMAL CLASSIFICATION NUMBER
Classification number 657.45
100 ## - MAIN ENTRY--PERSONAL NAME
Personal name Ravinder Kumar
245 ## - TITLE STATEMENT
Title Auditing :
Statement of responsibility, etc by Ravinder Kumar [and] Virender Sharma
Remainder of title principles and practice /
250 ## - EDITION STATEMENT
Edition statement 3rd ed
260 ## - PUBLICATION, DISTRIBUTION, ETC. (IMPRINT)
Place of publication, distribution, etc Delhi
Name of publisher, distributor, etc PHI Learning
Date of publication, distribution, etc 2015
270 ## - ADDRESS
Address 111, Patparganj Industrial Estate,
City Delhi
Postal code 110092
300 ## - PHYSICAL DESCRIPTION
Extent xx,556p.
Dimensions 24cm(pbk)
500 ## - GENERAL NOTE
General note Includes index
700 ## - ADDED ENTRY--PERSONAL NAME
Personal name Sharma, Virender
942 ## - ADDED ENTRY ELEMENTS (KOHA)
Source of classification or shelving scheme Dewey Decimal Classification
Item type English Books
Call number suffix RAV
Classification part 657.45
Holdings
Withdrawn status Lost status Not for loan Collection code Home library Current library Date acquired Source of acquisition Cost, normal purchase price Full call number Barcode Copy number Cost, replacement price Koha item type
      Non-fiction Bawana Bawana 16/12/2022 DBAD 495.00 657.45 RAV EN-119420 1 495.00 English Books
    Not For Loan Non-fiction D.B.Act.Division D.B.Act.Division 29/04/2015 DBAD/PUB 495.00 657.45 RAV EN-96311 1 495.00 English Books
      Non-fiction Sarojini Nagar Sarojini Nagar 15/02/2019     657.45 RAV B-167735     English Books

© Delhi Public Library
Hit Counter
free hit counter